| 000 | 00923cam a2200265 c 4500 | ||
|---|---|---|---|
| 001 | 190568 | ||
| 003 | ES-MaACL | ||
| 005 | 20250929063311.0 | ||
| 008 | 210930s2016 sp a 001 0 spa | ||
| 080 | _a930.85(620) | ||
| 080 | _a94(620) | ||
| 080 | _a935.8 | ||
| 100 | 1 |
_aCordón i Solà-Sagalés, Irene, _d1972- _9173710 |
|
| 245 | 1 | 3 |
_aEl antiguo Egipto y las civilizaciones mesopotámicas : _blos primeros imperios de la historia / _cIrene Cordón i Solà-Sagalés. |
| 260 |
_a[Barcelona] : _bEMSE EDAPP, _c[2016] |
||
| 300 |
_a160 p. : _bil., 2 mapas col. ; _c19 cm. |
||
| 490 | 1 | _aDescubrir la historia | |
| 651 | 4 |
_aEgipto- _xCivilización. _98138 |
|
| 651 | 4 |
_aEgipto- _xHistoria. _9137127 |
|
| 651 | 4 |
_aMesopotamia- _xHistoria. _99056 |
|
| 830 | 1 |
_aDescubrir la historia _9193500 |
|
| 852 | 4 |
_aES-MaACL _9197746 _bR.152316 _jA-11265 _dOlim: N-7791 _cDEPO1 |
|
| 942 | _2udc | ||
| 999 |
_c190568 _d190568 |
||